000 00562nam a2200217Ia 4500
005 20250508162824.0
008 008 250505s9999 xx 000 0 eng d
020 _a0-08-037758-0
037 _aTextual
040 _aFEDL
_beng
_cFEDL
041 _aeng
_2eng
084 _a330.7, COH
_qFEDL
100 _aCohn Elchanan
_9619820
245 0 _aEconomics of education
250 _a3rd
260 _aOxford
_bPergamon Press
_c1990
300 _axviii,430p.
650 _aEconomics
942 _cTEXL
_h330.7, COH
999 _c1378892
_d1378892